000 00618nam a22002297a 4500
003 UA-OsUOA
001 59913
007 ta
008 20090429b un ||||| |||| 00| 0 ukr d
100 _aКорнійчук В.
090 _a82-95
_bК67
942 _cBK
040 _aUA-OsUOA
_bukr
_cUA-OsUOA
_dUA-OsUOA
245 _aРоздуми про театр, музику, літературу...
300 _a320 с.
955 _a3
041 _aukr
080 _a82-95
260 _aК.
_bФенікс
_c2007
650 7 _a82 Література. Літературознавство
_2UDC
999 _c346527
_d346527